| 000 | 00000nas 2200000zi 4500 |
| 001 | 9.936909 |
| 003 | CaOODSP |
| 005 | 20251006141849 |
| 006 | m o d f |
| 007 | cr cn |||||||| |
| 008 | 240416d20242029mbcar p o f0### 0fre|d |
| 040 | |aCaOODSP|bfre|erda|cCaOODSP |
| 043 | |an-cn--- |
| 086 | 1 |aCC192-3F-PDF |
| 110 | 2 |aOffice de commercialisation du poisson d'eau douce (Canada)|eauteur, |eorganisme de publication. |
| 245 | 10|aPlan d'affaires de ... / |cOffice de commercialisation du poisson d'eau douce. |
| 246 | 17|aOffice de commercialisation du poisson d'eau douce - plan d'affaires de ... |
| 264 | 1|a[Winnipeg] : |bOffice de commercialisation du poisson d'eau douce, |c[2019-2024] |
| 310 | |aAnnuel |
| 336 | |atexte|btxt|2rdacontent/fre |
| 337 | |ainformatique|bc|2rdamedia/fre |
| 338 | |aressource en ligne|bcr|2rdacarrier/fre |
| 362 | 1 |aParaît depuis : l'exercice 2019/2020 à l'exercice 2023/2024; ne paraît plus après : l'exercice 2024/2025 à l'exercice 2028/2029. |
| 500 | |aPublié aussi en anglais sous le titre : Corporate plan. |
| 515 | |aL'année d'activité se termine le 30 avril. |
| 588 | |aDescription d'après : l'exercice 2019/2020 à l'exercice 2023/2024; titre de la page couverture du fichier PDF. |
| 588 | |aDernière livraison consultée : l'exercice 2024/2025 à l'exercice 2028/2029. |
| 610 | 26|aOffice de commercialisation du poisson d'eau douce (Canada)|xPlanification|vPériodiques. |
| 650 | 6|aPêches|xMarketing|zCanada|vPériodiques. |
| 655 | 7|aPériodiques|2rvmgf |
| 775 | 08|tCorporate plan / |w(CaOODSP)9.936896 |
| 785 | 00|tPlan d'entreprise de ... / |w(CaOODSP)9.955977 |